[Event "40th ECC Open 2025"]
[Site "Rhodes GRE"]
[Date "2025.10.25"]
[Round "7.101"]
[White "Lombaers, Peter"]
[Black "Stehno, Pavel"]
[Result "1-0"]
[WhiteTitle "FM"]
[WhiteElo "2294"]
[BlackElo "2305"]
[WhiteTeam "Paul Keres #1"]
[BlackTeam "Sigil Fund Pardubice"]
[WhiteFideId "1032852"]
[BlackFideId "313467"]
[EventDate "2025.10.19"]

1. d4 Nf6 2. c4 g6 3. Nc3 Bg7 4. e4 d6 5. Nf3 O-O 6. Be2 e5 7. O-O Nc6 8. d5 Ne7
9. b4 a5 10. bxa5 Rxa5 11. a4 b6 12. Nd2 Ra8 13. Nb3 c5 14. Bd2 Kh8 15. Ra3 Nfg8
16. Qc1 f5 17. f3 f4 18. a5 bxa5 19. Nb5 a4 20. Qa1 Rf6 21. Rxa4 Rxa4 22. Qxa4
Bd7 23. Ra1 g5 24. Qa5 Qe8 25. Qc7 Nc8 26. Ra8 Bf8 27. Bc3 Rh6 28. Bf1 g4 29.
Nxc5 dxc5 30. Qxe5+ Qxe5 31. Bxe5+ Bg7 32. Bxf4 Rh5 33. Be3 gxf3 34. gxf3 h6 35.
Bxc5 Rg5+ 36. Kf2 Be5 37. Be3 Rh5 38. h3 Nce7 39. f4 Bg7 40. c5 Kh7 41. Ra7 Nf6
42. e5 Ne4+ 43. Kf3 Bxb5 44. Rxe7 Nc3 45. Bxb5 Rxh3+ 46. Kf2 Rxe3 47. Rxg7+ Kxg7
48. Kxe3 Nxb5 49. c6 Kf7 50. d6 Na7 51. c7 Ke6 52. f5+ Kd7 53. f6 Ke6 54. f7 1-0

[Event "40th ECC Open 2025"]
[Site "Rhodes GRE"]
[Date "2025.10.25"]
[Round "7.102"]
[White "Bujnoch, Radek"]
[Black "Wemmers, Xander"]
[Result "1/2-1/2"]
[WhiteTitle "FM"]
[BlackTitle "IM"]
[WhiteElo "2247"]
[BlackElo "2316"]
[WhiteTeam "Sigil Fund Pardubice"]
[BlackTeam "Paul Keres #1"]
[WhiteFideId "313300"]
[BlackFideId "1004182"]
[EventDate "2025.10.19"]

1. d4 Nf6 2. c4 e6 3. Nf3 Bb4+ 4. Bd2 Qe7 5. e3 b6 6. Bd3 Bb7 7. O-O Bxd2 8.
Nbxd2 d6 9. e4 e5 10. Re1 O-O 11. Nb1 exd4 12. Nxd4 Qe5 13. Bc2 Nc6 14. Nxc6
Bxc6 15. Nc3 Bb7 16. Qd3 Rfe8 17. Rad1 Rad8 18. Qd4 c6 19. Qxe5 dxe5 20. c5 b5
21. b4 a5 22. a3 Ra8 23. Rd3 Kf8 24. Bb3 axb4 25. axb4 Ra3 26. Nb1 Ra1 27. f3
Bc8 28. Kf2 Bd7 29. Ke3 Rea8 30. Kd2 Ke7 31. Kc3 g5 32. Red1 R1a7 33. Nd2 g4 34.
Nf1 gxf3 35. gxf3 Nh5 36. Ne3 Nf4 37. R3d2 Be6 38. Nc2 Rg8 39. Kb2 Rg6 40. Ne3
h5 41. Rd8 Bxb3 42. Kxb3 Nd5 43. Nxd5+ Kxd8 44. Nf4+ Rd7 45. Rxd7+ Kxd7 46. Nxg6
fxg6 47. Kc3 Ke6 48. Kd3 Kf6 49. Ke2 Kg5 50. Ke3 Kf6 51. Kf2 Kg5 52. Ke3 Kf6 1/2-1/2

[Event "40th ECC Open 2025"]
[Site "Rhodes GRE"]
[Date "2025.10.25"]
[Round "7.103"]
[White "Erdos, Viktor"]
[Black "Annaberdiyev, Meylis"]
[Result "1-0"]
[WhiteTitle "GM"]
[BlackTitle "GM"]
[WhiteElo "2538"]
[BlackElo "2408"]
[WhiteTeam "MTK Budapest"]
[BlackTeam "Konya Yildiz Satranc SK"]
[WhiteFideId "719978"]
[BlackFideId "14000563"]
[EventDate "2025.10.19"]

1. d4 Nf6 2. c4 e6 3. Nc3 Bb4 4. e3 O-O 5. Bd3 d5 6. a3 Bxc3+ 7. bxc3 dxc4 8.
Bxc4 c5 9. Ne2 Qc7 10. Bd3 Nc6 11. O-O e5 12. e4 cxd4 13. cxd4 Nxd4 14. Nxd4
exd4 15. Bd2 Ng4 16. f4 Ne3 17. Qc1 Qxc1 18. Rfxc1 Bd7 19. Kf2 Bc6 20. Bxe3
dxe3+ 21. Kxe3 Rfe8 22. Rc5 Rad8 23. Rac1 Re7 24. g3 f6 25. h4 g6 26. g4 Kg7 27.
R1c4 Red7 28. Rc3 Re7 29. h5 Rd5 30. Rxd5 Bxd5 31. Rc5 Bf7 32. g5 fxg5 33. Rxg5
Rc7 34. hxg6 hxg6 35. Kd2 b6 36. a4 Rc8 37. a5 bxa5 38. Rxa5 Rc7 39. Ke3 Be6 40.
e5 Bc8 41. Ra1 Rf7 42. Be4 Kh6 43. Ra2 Kg7 44. Bd3 Kh6 45. Rc2 Bf5 46. Bxf5 Rxf5
47. Rc7 g5 48. fxg5+ Rxg5 49. Ke4 Rg7 50. Rc6+ Kg5 51. Rc1 Kg6 52. Rf1 Rb7 53.
e6 a5 54. Ke5 Rb5+ 55. Kd6 Rb2 56. e7 Rd2+ 57. Kc6 Rc2+ 58. Kd7 Rd2+ 59. Kc7
Rc2+ 60. Kd8 Rd2+ 61. Ke8 Kg7 62. Rf7+ Kg8 63. Rf5 a4 64. Rg5+ Kh7 65. Kf7 1-0

[Event "40th ECC Open 2025"]
[Site "Rhodes GRE"]
[Date "2025.10.25"]
[Round "7.104"]
[White "Yurtseven, Melih"]
[Black "Juhasz, Agoston"]
[Result "1-0"]
[WhiteTitle "IM"]
[BlackTitle "IM"]
[WhiteElo "2352"]
[BlackElo "2434"]
[WhiteTeam "Konya Yildiz Satranc SK"]
[BlackTeam "MTK Budapest"]
[WhiteFideId "6312160"]
[BlackFideId "778346"]
[EventDate "2025.10.19"]

1. Nf3 d5 2. g3 g6 3. c4 dxc4 4. Qa4+ Nc6 5. Bg2 Bg7 6. O-O e5 7. Nxe5 Bxe5 8.
Bxc6+ bxc6 9. Qxc6+ Bd7 10. Qe4 f6 11. f4 Bf5 12. Qc6+ Bd7 13. Qe4 Bf5 14. Qe3
Qd4 15. fxe5 Qxe3+ 16. dxe3 fxe5 17. Na3 Bg4 18. Bd2 Bxe2 19. Rf2 Bd3 20. Bc3
Ne7 21. Bxe5 Rf8 22. Rxf8+ Kxf8 23. Rc1 Nc6 24. Bxc7 Rc8 25. Bf4 a6 26. Nc2 Be4
27. Nd4 Nxd4 28. exd4 Kf7 29. Kf2 Ke6 30. Ke3 Kd5 31. Rc3 a5 32. Ra3 Ra8 33. b4
cxb3 34. Rxb3 Bf5 35. Rb5+ Kc6 36. Rc5+ Kb6 37. Bc7+ Kb7 38. Bxa5 Re8+ 39. Kf3
h5 40. a3 Bg4+ 41. Kf4 Re2 42. h4 Rf2+ 43. Ke4 Re2+ 44. Kd5 Re3 45. Bc7 Rxa3 46.
Bf4 Bf5 47. Ke5 Ra2 48. d5 Rc2 49. Rb5+ Kc8 50. Kf6 Re2 51. Kf7 Kd7 52. Rb7+ Kd8
53. d6 Rc2 54. Bg5+ Kc8 55. Ra7 Rc3 56. Ke8 Rd3 57. Rc7+ Kb8 58. Bf4 1-0

[Event "40th ECC Open 2025"]
[Site "Rhodes GRE"]
[Date "2025.10.25"]
[Round "7.105"]
[White "Pribelszky, Bence"]
[Black "Citak, Selim"]
[Result "1-0"]
[WhiteTitle "IM"]
[BlackTitle "FM"]
[WhiteElo "2403"]
[BlackElo "2308"]
[WhiteTeam "MTK Budapest"]
[BlackTeam "Konya Yildiz Satranc SK"]
[WhiteFideId "769738"]
[BlackFideId "6301819"]
[EventDate "2025.10.19"]

1. Nf3 Nf6 2. d4 d5 3. e3 e6 4. Bd3 c5 5. b3 Nc6 6. Bb2 b6 7. O-O Bb7 8. Nbd2
cxd4 9. exd4 g6 10. Ne5 Bg7 11. Bb5 Rc8 12. Ba3 Bf8 13. Bxf8 Kxf8 14. Bxc6 Bxc6
15. Ndf3 Ne4 16. c4 Bb7 17. Rc1 Kg7 18. Re1 Qe7 19. h4 h6 20. Rc2 Rhd8 21. Qc1
dxc4 22. bxc4 Qd6 23. c5 Qd5 24. c6 Ba8 25. Nxf7 Kxf7 26. Qxh6 Rh8 27. Qf4+ Ke7
28. Rxe4 Rhf8 29. Qg5+ Qxg5 30. Nxg5 Rf6 31. d5 Kd6 32. dxe6 Ke7 33. Rd4 Bxc6
34. Rdc4 Kd6 35. Rxc6+ 1-0

[Event "40th ECC Open 2025"]
[Site "Rhodes GRE"]
[Date "2025.10.25"]
[Round "7.106"]
[White "Guleryuz, Kuzey"]
[Black "Papp, Levente"]
[Result "1/2-1/2"]
[WhiteTitle "CM"]
[BlackTitle "FM"]
[WhiteElo "2256"]
[BlackElo "2360"]
[WhiteTeam "Konya Yildiz Satranc SK"]
[BlackTeam "MTK Budapest"]
[WhiteFideId "44500203"]
[BlackFideId "751243"]
[EventDate "2025.10.19"]

1. e4 e6 2. d4 d5 3. e5 c5 4. c3 Bd7 5. Nf3 Ne7 6. Bd3 Nbc6 7. O-O cxd4 8. Re1
dxc3 9. Nxc3 a6 10. h4 d4 11. Ne4 Ng6 12. Bg5 Qa5 13. Bd2 Qd5 14. Neg5 Ngxe5 15.
Be4 Qb5 16. a4 Qb6 17. Nxe5 Nxe5 18. Bf4 Nc6 19. Qf3 Bb4 20. Rec1 Be7 21. Nxf7
Rf8 22. Bxh7 Rxf7 23. Bg6 O-O-O 24. Bxf7 Rf8 25. Qh5 Kd8 26. Rab1 e5 27. Bxe5
Rxf7 28. Qxf7 Nxe5 29. Qxg7 Qf6 30. Qg8+ Bf8 31. Rd1 d3 32. Rbc1 Bc6 33. b4 Qd6
34. h5 Bxa4 35. Rd2 Qh6 36. Qd5+ Bd6 37. f4 Bc6 38. Rxc6 Nxc6 39. Rxd3 Kc7 40.
Qxd6+ Qxd6 41. Rxd6 Kxd6 42. h6 Nd8 43. g4 Nf7 44. g5 Ke6 45. Kf2 Kf5 46. Ke3 b6
47. Kd4 Kxf4 48. Kd5 Kxg5 49. Kc6 a5 50. bxa5 bxa5 51. Kb5 Kxh6 52. Kxa5 1/2-1/2

[Event "40th ECC Open 2025"]
[Site "Rhodes GRE"]
[Date "2025.10.25"]
[Round "7.107"]
[White "Juhasz, Armin"]
[Black "Olcum, Ahmet"]
[Result "1-0"]
[WhiteTitle "IM"]
[BlackTitle "FM"]
[WhiteElo "2375"]
[BlackElo "2221"]
[WhiteTeam "MTK Budapest"]
[BlackTeam "Konya Yildiz Satranc SK"]
[WhiteFideId "724270"]
[BlackFideId "6311393"]
[EventDate "2025.10.19"]

1. d4 d6 2. c4 e5 3. Nc3 Nc6 4. Nf3 Bg4 5. d5 Bxf3 6. gxf3 Nb8 7. Qb3 b6 8. Be3
Nf6 9. Rg1 g6 10. Qa4+ Nfd7 11. Bg5 f6 12. Be3 f5 13. h4 f4 14. Bd2 Qxh4 15. Nb5
Kd8 16. Nc3 Nc5 17. Qa3 a5 18. b4 Nb7 19. Ne4 Be7 20. Qa4 Ra6 21. Qb5 axb4 22.
Bxb4 Ra7 23. Bc3 Qh6 24. c5 bxc5 25. a4 Qf8 26. a5 Qe8 27. Qb2 Na6 28. e3 Kc8
29. Rb1 Nb4 30. Bxb4 cxb4 31. Qxb4 c5 32. Qb6 Kb8 33. a6 Bd8 34. Qxd6+ Bc7 35.
Qc6 Ba5+ 36. Kd1 Bb4 37. Qxe8+ Rxe8 38. axb7 fxe3 39. fxe3 Ra3 40. Bb5 Rf8 41.
Be2 Rxe3 42. Rg5 Rf5 43. Rxf5 gxf5 44. Nd6 Ra3 45. Nxf5 Ra2 46. Bc4 Rd2+ 47. Kc1
Rf2 48. Rb3 Kxb7 49. d6 Kc6 50. Rd3 Rf1+ 51. Kc2 Rf2+ 52. Kb3 Rd2 53. Re3 Rf2
54. Be2 Kd5 55. d7 Ba5 56. Bc4+ Kc6 57. Rd3 Bd8 58. Nd6 Kc7 59. Ne4 Rf1 60. Nxc5
Rb1+ 61. Kc2 Kc6 62. Kxb1 1-0

[Event "40th ECC Open 2025"]
[Site "Rhodes GRE"]
[Date "2025.10.25"]
[Round "7.108"]
[White "Acarbay, Algi"]
[Black "Matyassy, Lazar"]
[Result "1/2-1/2"]
[WhiteTitle "WCM"]
[BlackTitle "FM"]
[WhiteElo "1992"]
[BlackElo "2313"]
[WhiteTeam "Konya Yildiz Satranc SK"]
[BlackTeam "MTK Budapest"]
[WhiteFideId "6303692"]
[BlackFideId "17005167"]
[EventDate "2025.10.19"]

1. e4 e5 2. Nf3 Nc6 3. Nc3 Nf6 4. a3 d5 5. Bb5 Nxe4 6. Qe2 Qd6 7. Nxe4 dxe4 8.
Qxe4 Bd7 9. d4 O-O-O 10. dxe5 Nxe5 11. Bxd7+ Qxd7 12. O-O Nxf3+ 13. Qxf3 Qd5 14.
Qxd5 Rxd5 15. Be3 Be7 16. Rfd1 Rhd8 17. Rxd5 Rxd5 18. Kf1 Bf6 19. Rb1 a6 20. a4
b5 21. axb5 axb5 22. b3 Kd7 23. Ke2 Kc6 24. Rd1 Rxd1 25. Kxd1 Kd5 26. Ke2 Be5
27. h3 c5 28. Kd3 c4+ 29. bxc4+ bxc4+ 30. Ke2 Ke4 31. f3+ Kd5 32. Bb6 Bg3 33.
Ba7 Be5 34. Ke3 Bb2 1/2-1/2

[Event "40th ECC Open 2025"]
[Site "Rhodes GRE"]
[Date "2025.10.25"]
[Round "7.109"]
[White "Alexakis, Dimitris"]
[Black "Blomqvist, Erik"]
[Result "1/2-1/2"]
[WhiteTitle "IM"]
[BlackTitle "GM"]
[WhiteElo "2548"]
[BlackElo "2478"]
[WhiteTeam "Ippotis Rhodes chess club"]
[BlackTeam "SK Rockaden #1 (SWE)"]
[WhiteFideId "4277023"]
[BlackFideId "1709437"]
[EventDate "2025.10.19"]

1. e4 e6 2. d4 d5 3. Nc3 Nf6 4. Bg5 dxe4 5. Nxe4 Be7 6. Bxf6 gxf6 7. Nf3 f5 8.
Nc3 a6 9. Qd2 b5 10. O-O-O Qd6 11. d5 Nd7 12. Qe3 Nb6 13. dxe6 Qxe6 14. Qf4 Bd6
15. Qh4 Be7 16. Qf4 Bd6 17. Qd2 O-O 18. Kb1 Bb7 19. Bd3 Qf6 20. Qg5+ Qxg5 21.
Nxg5 h6 22. Nf3 b4 23. Ne2 f4 24. Ned4 Rfe8 25. Nf5 Bf8 26. Rhe1 Rad8 27. Ne5
Re6 28. Nh4 Rde8 29. Nef3 Rxe1 30. Rxe1 Rxe1+ 31. Nxe1 Bc5 32. Nf5 Bxf2 33. Nf3
h5 34. Kc1 a5 35. Kd2 Kf8 36. Ke2 Bc5 37. Ng5 Bxg2 38. Be4 Bxe4 39. Nxe4 Na4 40.
b3 Nc3+ 41. Nxc3 bxc3 42. Kf3 f6 43. Kxf4 Kf7 44. h3 Bg1 45. Ke4 Bf2 46. a4 Kg6
47. Ne7+ Kg5 48. Nc6 Bb6 49. b4 axb4 50. Nxb4 Kh4 51. Kf3 Kxh3 52. Nc6 Kh2 53.
a5 Bc5 54. a6 Kg1 55. a7 Bxa7 56. Nxa7 h4 57. Nb5 h3 58. Nxc3 h2 59. Ne2+ Kf1
60. Ng3+ Kg1 61. Ne2+ Kf1 62. Ng3+ Kg1 63. c4 c5 64. Ne2+ 1/2-1/2

[Event "40th ECC Open 2025"]
[Site "Rhodes GRE"]
[Date "2025.10.25"]
[Round "7.110"]
[White "Trost, Edvin"]
[Black "Patrelakis, Evaggelos"]
[Result "1-0"]
[WhiteTitle "IM"]
[BlackTitle "IM"]
[WhiteElo "2457"]
[BlackElo "2437"]
[WhiteTeam "SK Rockaden #1 (SWE)"]
[BlackTeam "Ippotis Rhodes chess club"]
[WhiteFideId "1729519"]
[BlackFideId "4295102"]
[EventDate "2025.10.19"]

1. e4 c5 2. Nf3 d6 3. d4 cxd4 4. Nxd4 Nf6 5. Nc3 Nc6 6. Bg5 e6 7. Qd2 a6 8. Nxc6
bxc6 9. O-O-O Be7 10. h4 Qc7 11. Bc4 Bb7 12. Rh3 d5 13. exd5 cxd5 14. Bb3 O-O
15. h5 h6 16. Bf4 Bd6 17. Bxd6 Qxd6 18. g4 Rad8 19. g5 hxg5 20. Qxg5 Nh7 21. Qd2
Qe5 22. Rg1 Kh8 23. Ne2 Nf6 24. Rg5 Qd6 25. Qd4 e5 26. Qxe5 Qxe5 27. Rxe5 Ng4
28. Re7 Rde8 29. Rxb7 Rxe2 30. Rf3 f5 31. Kd1 Re5 32. Rb6 Rfe8 33. Rxa6 d4 34.
Rf4 Re1+ 35. Kd2 R1e2+ 36. Kd3 Nxf2+ 37. Kxd4 Rd8+ 38. Kc4 Ne4 39. Rxf5 Nd2+ 40.
Kb4 Nxb3 41. cxb3 Rxb2 42. Rb5 Rh2 43. a4 Kh7 44. Rc6 Ra8 45. Ka3 Rh1 46. Rc2
Ra6 47. a5 Re6 48. Ra2 Rh4 49. b4 g6 50. hxg6+ Kxg6 51. Rb6 Kf7 52. Rxe6 Kxe6
53. Rd2 1-0

[Event "40th ECC Open 2025"]
[Site "Rhodes GRE"]
[Date "2025.10.25"]
[Round "7.111"]
[White "Krallis, Christos"]
[Black "Sorensen, Hampus"]
[Result "1/2-1/2"]
[WhiteTitle "FM"]
[BlackTitle "IM"]
[WhiteElo "2403"]
[BlackElo "2440"]
[WhiteTeam "Ippotis Rhodes chess club"]
[BlackTeam "SK Rockaden #1 (SWE)"]
[WhiteFideId "4298896"]
[BlackFideId "8703884"]
[EventDate "2025.10.19"]

1. e4 e5 2. Nf3 Nc6 3. Bb5 a6 4. Ba4 Nf6 5. d3 b5 6. Bb3 Be7 7. O-O d6 8. a4 Bd7
9. Bd2 O-O 10. h3 h6 11. axb5 axb5 12. Nc3 Na5 13. Nd5 Nxd5 14. Bxd5 c6 15. Ba2
Nb7 16. Be3 Re8 17. Re1 Bf8 18. d4 exd4 19. Bxd4 Be6 20. Bxe6 Rxe6 21. Bc3 Rxa1
22. Qxa1 Qe8 23. e5 dxe5 24. Rxe5 Rxe5 25. Bxe5 Nc5 26. Bd4 Ne6 27. Be3 Qd8 28.
Qe1 Qd5 29. Qd2 Qxd2 30. Bxd2 f6 1/2-1/2

[Event "40th ECC Open 2025"]
[Site "Rhodes GRE"]
[Date "2025.10.25"]
[Round "7.112"]
[White "Barkhagen, Jonas"]
[Black "Sandalakis, Nikolaos"]
[Result "1-0"]
[WhiteTitle "IM"]
[BlackTitle "CM"]
[WhiteElo "2408"]
[BlackElo "2206"]
[WhiteTeam "SK Rockaden #1 (SWE)"]
[BlackTeam "Ippotis Rhodes chess club"]
[WhiteFideId "1700855"]
[BlackFideId "4222890"]
[EventDate "2025.10.19"]

1. d4 d5 2. c4 c6 3. cxd5 cxd5 4. Nc3 Nf6 5. Bf4 Nc6 6. e3 Bf5 7. Nf3 e6 8. Bb5
Nd7 9. Qa4 Qb6 10. Nh4 Bg4 11. e4 Bb4 12. h3 Bh5 13. exd5 exd5 14. O-O Bxc3 15.
bxc3 O-O 16. Nf5 Qd8 17. Nd6 Nb6 18. Qa3 Qf6 19. Bg3 Ne7 20. Rfe1 Ng6 21. Nxb7
a6 22. Bf1 Nf4 23. Qa5 g5 24. Bxf4 gxf4 25. Rab1 Nc8 26. Qxd5 Bg6 27. Rbc1 Rb8
28. Nc5 Rb2 29. Nd7 Qh4 30. Nxf8 Qxf2+ 31. Kh1 Nb6 32. Qd8 Kg7 33. Nxg6 f3 34.
Nh4 1-0

[Event "40th ECC Open 2025"]
[Site "Rhodes GRE"]
[Date "2025.10.25"]
[Round "7.113"]
[White "Frendzas, Panayotis"]
[Black "Kenneskog, Theodor"]
[Result "1-0"]
[WhiteTitle "IM"]
[BlackTitle "FM"]
[WhiteElo "2179"]
[BlackElo "2338"]
[WhiteTeam "Ippotis Rhodes chess club"]
[BlackTeam "SK Rockaden #1 (SWE)"]
[WhiteFideId "4200420"]
[BlackFideId "1715011"]
[EventDate "2025.10.19"]

1. e4 c5 2. Nf3 d6 3. d4 cxd4 4. Qxd4 Nc6 5. Qd3 g6 6. Nc3 Bg7 7. Be2 Nf6 8. Nd5
O-O 9. c3 Nd7 10. O-O e6 11. Ne3 Nc5 12. Qc2 f5 13. exf5 gxf5 14. b4 Ne4 15. Bb2
Qf6 16. Rab1 e5 17. Qb3+ Kh8 18. Rbd1 Ne7 19. Nd5 Nxd5 20. Qxd5 Qe7 21. c4 Be6
22. Qb5 a6 23. Qb6 Rac8 24. c5 dxc5 25. bxc5 Bxa2 26. c6 Rxc6 27. Qa5 Bb3 28.
Ba3 Nd6 29. Rxd6 Rxd6 30. Qb4 e4 31. Nd2 Be5 32. Qxb3 Rfd8 33. Nc4 b5 34. Nxd6
Bxd6 35. Bxd6 Rxd6 36. Rc1 Kg7 37. Qg3+ Rg6 38. Qc3+ Qf6 39. Qc7+ Kh6 40. Rc3
Rg7 41. Rh3+ Kg6 42. Bh5+ 1-0

[Event "40th ECC Open 2025"]
[Site "Rhodes GRE"]
[Date "2025.10.25"]
[Round "7.114"]
[White "Bator, Robert"]
[Black "Papadopoulos, Antonios P"]
[Result "1-0"]
[WhiteTitle "IM"]
[WhiteElo "2299"]
[BlackElo "1510"]
[WhiteTeam "SK Rockaden #1 (SWE)"]
[BlackTeam "Ippotis Rhodes chess club"]
[WhiteFideId "1700405"]
[BlackFideId "42153700"]
[EventDate "2025.10.19"]

1. e4 c5 2. Nf3 Nc6 3. c3 d5 4. exd5 Qxd5 5. d4 Bf5 6. Na3 a6 7. Bc4 Qe4+ 8. Be3
e6 9. O-O cxd4 10. Ng5 Bg4 11. Qa4 Qe5 12. cxd4 Qa5 13. Qb3 Qb4 14. d5 Qxb3 15.
Bxb3 Bxa3 16. dxc6 Bxb2 17. cxb7 Rb8 18. Rab1 Bf6 19. Ba4+ Kf8 20. Ba7 1-0

[Event "40th ECC Open 2025"]
[Site "Rhodes GRE"]
[Date "2025.10.25"]
[Round "7.115"]
[White "Alonso Rosell, Alvar"]
[Black "Godart, Francois"]
[Result "1-0"]
[WhiteTitle "GM"]
[BlackTitle "IM"]
[WhiteElo "2538"]
[BlackElo "2381"]
[WhiteTeam "Silla-Integrant Col.lectius"]
[BlackTeam "CE Gambit Bonnevoie #1"]
[WhiteFideId "2270544"]
[BlackFideId "208078"]
[EventDate "2025.10.19"]

1. d4 d5 2. c4 e6 3. Nc3 Nf6 4. cxd5 exd5 5. Bg5 Be7 6. e3 c6 7. Bd3 h6 8. Bh4
O-O 9. Nge2 Ne8 10. Bg3 Nd6 11. Qc2 a5 12. O-O Na6 13. a3 Re8 14. f3 b5 15. e4
Nc4 16. Bf2 b4 17. Nb1 bxa3 18. bxa3 Nb6 19. Qxc6 dxe4 20. fxe4 Bg4 21. h3 Bxe2
22. Bxe2 Bf6 23. e5 Bg5 24. Nc3 Rc8 25. Qf3 Nc7 26. Ne4 Be7 27. Rad1 Ncd5 28.
Bd3 Rf8 29. Bb1 Na4 30. Nd6 Bxd6 31. Qxd5 Be7 32. Qe4 g6 33. Be1 Qb6 34. Ba2 Kg7
35. Rb1 1-0

[Event "40th ECC Open 2025"]
[Site "Rhodes GRE"]
[Date "2025.10.25"]
[Round "7.116"]
[White "Dishman, Stephen"]
[Black "Lopez Martinez, Josep Manuel"]
[Result "0-1"]
[WhiteTitle "FM"]
[BlackTitle "GM"]
[WhiteElo "2211"]
[BlackElo "2477"]
[WhiteTeam "CE Gambit Bonnevoie #1"]
[BlackTeam "Silla-Integrant Col.lectius"]
[WhiteFideId "403024"]
[BlackFideId "2212943"]
[EventDate "2025.10.19"]

1. Nf3 e6 2. c4 b6 3. g3 Bb7 4. Bg2 g6 5. d4 Bg7 6. Nc3 d6 7. e4 Nd7 8. O-O Ne7
9. Be3 O-O 10. h3 a6 11. a4 a5 12. Qd2 Nc6 13. b3 e5 14. d5 Nb4 15. Rab1 Nc5 16.
Ne1 Bc8 17. Bg5 f6 18. Bh6 f5 19. Bxg7 Kxg7 20. exf5 Bxf5 21. Rb2 Qd7 22. Kh2
Rf7 23. f4 exf4 24. Qxf4 Re8 25. Qd4+ Kg8 26. Nf3 Nc2 27. Qh4 Ne3 28. Rg1 Nxg2
29. Rgxg2 Be4 30. Ng5 Bxg2 31. Nxf7 Qxf7 32. Kxg2 Nd3 33. Re2 Rxe2+ 34. Nxe2
Ne1+ 0-1

[Event "40th ECC Open 2025"]
[Site "Rhodes GRE"]
[Date "2025.10.25"]
[Round "7.117"]
[White "Olsen, Filip Boe"]
[Black "Khalafova, Narmin"]
[Result "1-0"]
[WhiteTitle "IM"]
[BlackTitle "WGM"]
[WhiteElo "2451"]
[BlackElo "2244"]
[WhiteTeam "Silla-Integrant Col.lectius"]
[BlackTeam "CE Gambit Bonnevoie #1"]
[WhiteFideId "1440640"]
[BlackFideId "13402625"]
[EventDate "2025.10.19"]

1. Nf3 Nf6 2. g3 d5 3. Bg2 c6 4. c4 Bf5 5. Qb3 Qb6 6. d3 e6 7. Be3 Qa6 8. cxd5
exd5 9. O-O Be7 10. Nc3 O-O 11. a4 Re8 12. a5 Nbd7 13. Rfe1 Ng4 14. Bf4 Nc5 15.
Qc2 Ne6 16. Bd2 Bc5 17. Nd1 Rac8 18. h3 Nf6 19. Nh4 Bg6 20. Nxg6 fxg6 21. b4 Bd6
22. Qb2 h5 23. e4 Bb8 24. Nc3 d4 25. Na4 h4 26. Qb3 Kh8 27. e5 Nh5 28. Re4 hxg3
29. fxg3 Qb5 30. Rae1 Nxg3 31. Rh4+ Nh5 32. Bf3 Bxe5 33. Bxh5 Bg3 34. Rxe6 Bxh4
35. Bxg6 Rf8 36. Nc5 b6 37. Re5 Bf2+ 38. Kg2 Be3 39. Bxe3 1-0

[Event "40th ECC Open 2025"]
[Site "Rhodes GRE"]
[Date "2025.10.25"]
[Round "7.118"]
[White "Buhr, Carl Christian"]
[Black "Domingo Nunez, Ruben"]
[Result "0-1"]
[WhiteTitle "FM"]
[BlackTitle "IM"]
[WhiteElo "2248"]
[BlackElo "2422"]
[WhiteTeam "CE Gambit Bonnevoie #1"]
[BlackTeam "Silla-Integrant Col.lectius"]
[WhiteFideId "4619307"]
[BlackFideId "22245570"]
[EventDate "2025.10.19"]

1. c4 g6 2. Nc3 Bg7 3. g3 c5 4. Bg2 Nc6 5. Nf3 d6 6. O-O e6 7. e3 Nge7 8. d4 O-O
9. d5 Na5 10. Nd2 Rb8 11. e4 a6 12. Qe2 exd5 13. cxd5 b5 14. Nd1 Re8 15. Ne3 c4
16. Rb1 Nb7 17. b4 f5 18. Rd1 Bd7 19. f3 Qb6 20. Nf1 Rbc8 21. Kh1 Nd8 22. Nc2
Nf7 23. Be3 Qc7 24. h3 Ne5 25. Kh2 Kh8 26. Bd4 Ng8 27. Ne1 Nf6 28. Rbc1 fxe4 29.
fxe4 Re7 30. Qb2 Rce8 31. Qc3 Qd8 32. Rc2 Rf8 33. Kh1 Nxe4 34. Bxe4 Rxf1+ 35.
Kh2 Bf5 36. Re2 Bxe4 37. Rxe4 Qg8 0-1

[Event "40th ECC Open 2025"]
[Site "Rhodes GRE"]
[Date "2025.10.25"]
[Round "7.119"]
[White "Luque Saiz, Andres"]
[Black "Filipovic, Slobodan J"]
[Result "1-0"]
[WhiteTitle "FM"]
[BlackTitle "CM"]
[WhiteElo "2343"]
[BlackElo "2182"]
[WhiteTeam "Silla-Integrant Col.lectius"]
[BlackTeam "CE Gambit Bonnevoie #1"]
[WhiteFideId "24510793"]
[BlackFideId "939633"]
[EventDate "2025.10.19"]

1. Nf3 c5 2. e4 Nc6 3. Bb5 d6 4. O-O Bd7 5. c3 a6 6. Ba4 b5 7. Bb3 e5 8. d4 c4
9. Bc2 Be7 10. d5 Na5 11. Be3 g5 12. b4 Nb7 13. a4 g4 14. Nfd2 h5 15. f4 exf4
16. Bxf4 Bf6 17. e5 Bxe5 18. Qe2 Qb6+ 19. Kh1 f6 20. axb5 Bxb5 21. Na3 Rc8 22.
Ndxc4 Qc7 23. Nxb5 axb5 24. Na3 Ne7 25. Nxb5 Qd7 26. Bxe5 fxe5 27. Ra7 Rb8 28.
Ba4 Kd8 29. Nd4 1-0

[Event "40th ECC Open 2025"]
[Site "Rhodes GRE"]
[Date "2025.10.25"]
[Round "7.120"]
[White "Bjarnason, Oskar"]
[Black "Garcia Molina, Jose"]
[Result "1/2-1/2"]
[BlackTitle "FM"]
[WhiteElo "2118"]
[BlackElo "2206"]
[WhiteTeam "CE Gambit Bonnevoie #1"]
[BlackTeam "Silla-Integrant Col.lectius"]
[WhiteFideId "2301237"]
[BlackFideId "32030592"]
[EventDate "2025.10.19"]

1. Nf3 Nf6 2. c4 e6 3. d4 b6 4. a3 Bb7 5. Nc3 d5 6. cxd5 Nxd5 7. Qc2 Nxc3 8.
bxc3 Be7 9. e4 O-O 10. Bd3 c5 11. O-O Qc7 12. Qe2 Rd8 13. e5 Nd7 14. Bb2 Rac8
15. h4 Nf8 16. Ng5 Bxg5 17. hxg5 Ng6 18. Qe3 Qc6 19. f3 Qa4 20. Rf2 Ba6 21. Be4
Qb3 22. Qe1 Ne7 23. a4 cxd4 24. cxd4 Nd5 25. a5 Bc4 26. Ba3 Bd3 27. axb6 axb6
28. Bd6 Ra8 29. Rd1 Bc4 30. Rb1 Qa4 31. Bxd5 Bxd5 32. Qb4 b5 33. Qxa4 bxa4 34.
Ra1 Bb3 1/2-1/2